000 00351nam a2200121 i 4500
001 bg
245 0 _aSystem budownictwa przemysłowego :
_bStan i perspektywy rozwoju budownictwa halowego. FF system konstrukcyjno-montażowy.
260 _aWarszawa,
_c1976.
040 _cBPK
041 _apol
942 _cKS
008 s pl f |000 0 pol
999 _c4949
_d4949
856 _uhttp://koha.tu.koszalin.pl/cgi-bin/koha/opac-detail.pl?biblionumber=4949
_yKatalog online BPK